000 01315cam a2200337 i 4500
001 66151
003 Mx-PuUPA
005 20251119131402.0
008 160913s2012 mx a gr 000 0 spa d
020 _a9786079549824
040 _aMx-PuUPA
_bspa
_cMx-PuUPA
_dMx-PuUPA
_erda
041 0 _aspa
245 0 0 _aDefendiendo el derecho humano a la vida en Latinoamérica /
_ceditores, Laura Farfén Bertrán, William L. Saunders , Jeanneane Maxon ; traductora, Noelia Estefanía Marchetti
250 _aPrimera edición
264 1 _aWashington, DC :
_bAmericans United for Life,
_c2012
300 _a224 páginas :
_bfptpgrafías ;
_c22 cm.
336 _atexto
_2rdacontent
_btxt
337 _asin medio
_2rdamedia
_bn
338 _avolumen
_2rdacarrier
_bnc
650 7 _aAborto legal
_zAmérica Latina
_2armarc
650 7 _aVida
_zAmérica Latina
_2armarc
650 7 _aNiños por nacer (Derecho)
_zAmérica Latina
_2armarc
700 1 _aFarfán, Bertrán, M. Laura,
_eeditor
_93212
700 1 _aSaunders, William L.,
_eeditor
700 1 _aMaxon, Jeanneane,
_eeditor
700 1 _aMarchetti, Noelia Estefanía,
_etraductor
942 _2ddc
_cLI
_h323.098
_iD33
999 _c66151
_d66151